000
00282nam a2200109Ia 4500
008
230907s9999||||xx |||||||||||||| ||und||
082
_a
697.78
_b
SOL
245
0
_a
Solar thermal hot water :
260
_a
Skills 2 Learn, Cengage,
_b
Hamsphire :
_c
2014
300
_a
250 p.
942
_c
BK
999
_c
601130
_d
601130